000 01459nam0a2200373 4500
001 RU\NLR\bibl\946977
005 20250614200217.0
010 _a5-8064-1030-7
021 _aRU
_b2006-88511
_94483
035 _a(NLR Aleph) 000935109
090 _a184403
_c184403
100 _a20060511d2005 |||y0rusy50 ca
101 0 _arus
102 _aRU
105 _ay |||||||||
200 1 _aКонцептуальные основы педагогики формирования музыканта
_eмонография
_fО. И. Передерий
210 _aСанкт-Петербург
_cИзд-во РГПУ
_d2005
215 _a137 с.
_d20 см
320 _aБиблиогр.: с. 122-136 и в подстроч. примеч.
606 1 _aФортепиано
_xПреподавание
_xМетодические пособия
_2nlr_sh
606 1 _aПедагогическая деятельность
_xТеория
_xПреподавание
_2nlr_sh
686 _aЩ31р
_vLBC/SL
_2rubbk
686 _aЩ315.42-7р-3
_vLBC/SL
_2rubbk
700 1 _9z02790
_aПередерий
_bО. И.
_gОльга Ивановна
_4070
790 1 _9z02700
_aPerederij
_bO. I.
_gOl`ga Ivanovna
_4070
801 0 _aRU
_bNLR
_c20060511
_gRCR
801 1 _aRU
_bNLR
_c20060511
801 2 _aRU
_bNLR
_c20201124
_2rusmarc
830 _aавт. по кн.
852 _aNLR
_bМс
_j71/П.270
_pАэ 11473
_t1
942 _cBOOK
980 _aNB
980 _aONIZ